5 Food Groups in 15 Seconds - Statistics

General Stats
  • This quiz has been taken 28 times
  • The average score is 3 of 5
Answer Stats
Answer % Correct
Fruits
88%
Vegetables
72%
Dairy
56%
Grains
52%
Protein
48%
No matching quizzes found
Score Distribution
Percent of People with Each Score
Percentile by Number Answered
Your Score History
You have not taken this quiz